000
00268nam a2200109Ia 4500
008
190912s9999||||xx |||||||||||||| ||und||
100
_a
Rivest, Stein
245
0
_a
Introduction To Algorithms
260
_a
New Delhi
_b
Education InC
_c
2001
300
_a
1180
942
_c
BK
999
_c
7636
_d
7636